000 00881nam a22002417a 4500
005 20240530110614.0
008 161030s2015 ua f b 000 0 ara d
017 _a2014/19815
_bمصر. دار الكتب
020 _a9772329892
040 _aEG-CaGPL
_cEG-CaGPL
082 _221
_a111.85\
_bع ف
100 0 _aعيد سعد يونس
245 1 0 _aفلسفة الفن و الجمال فى الفكر الاسلامى :
_bنحو استاطيقية : اسلامية الهوية : عربية الهوية /
_cتاليف عيد سعد يونس
250 _aط. 1
260 _bعالم الكتب ،
_c2015 .
300 _a438 ص. ؛
_c24 سم.
650 0 7 _2qrmak
_aالفن الاسلامى
650 0 7 _2qrmak
_aالفن
_xفلسفة
650 0 7 _2qrmak
_aالجمال
_xفلسفة
651 _2qrmak
942 _2ddc
_cBK
999 _c62916
_d62916